| 000 | 00498nam a22001937a 4500 | ||
|---|---|---|---|
| 003 | NUST - PNEC | ||
| 005 | 20170116181001.0 | ||
| 008 | 150908b xxu||||| |||| 00| 0 eng d | ||
| 020 | _a8120323149 | ||
| 020 | _a0133093867 | ||
| 040 | _cLIBRARY | ||
| 082 | _a621.381 TOC | ||
| 100 |
_99077 _aTocci, Ronald J. |
||
| 245 |
_aDigital systems: Principles & applications _cRonald J. Tocci |
||
| 250 | _a6th ed. | ||
| 260 | _cc.1995 | ||
| 650 |
_99079 _aDigital Systems _xMIS, EE |
||
| 942 |
_2ddc _cBK |
||
| 999 |
_c66734 _d66734 |
||